书目信息 |
| 题名: |
建筑设计常用规范速查手册
|
|
| 作者: | 伍孝波 , 东艳晖 主编 | |
| 分册: | ||
| 出版信息: | 北京 化学工业出版社 2015.2 |
|
| 页数: | 226页 | |
| 开本: | 24cm | |
| 丛书名: | ||
| 单 册: | ||
| 中图分类: | TU202-62 | |
| 科图分类: | ||
| 主题词: | 建筑设计--建筑规范--中国--手册 | |
| 电子资源: | ||
| ISBN: | 978-7-122-22612-9 | |
| 000 | 00984nam0 2200253 450 | |
| 001 | 0400004374 | |
| 005 | 20171026095219.98 | |
| 010 | @a978-7-122-22612-9@dCNY39.80 | |
| 100 | @a20150601e20172015em y0chiy50 ea | |
| 101 | 0 | @achi |
| 102 | @aCN@b110000 | |
| 105 | @ay z 000yy | |
| 106 | @ar | |
| 200 | 1 | @a建筑设计常用规范速查手册@9jian zhu she ji chang yong gui fan su cha shou ce@f伍孝波,东艳晖主编 |
| 205 | @a第2版 | |
| 210 | @a北京@c化学工业出版社@d2015.2@h2017.2 | |
| 215 | @a226页@d24cm | |
| 330 | @a本手册按照一般规定,场地,建筑防火,建筑防、排烟,建筑防、排水,建筑无障碍设计,建筑防雷,楼梯间和楼梯,电梯,卫生间,门窗,建筑节能和绿色建筑等建筑设计基本元素,对现行60余本建筑法规,建筑设计规范、规程的相关条文进行了分类整理和重新编排。 | |
| 606 | 0 | @a建筑设计@x建筑规范@y中国@j手册 |
| 690 | @aTU202-62@v5 | |
| 701 | 0 | @a伍孝波@9wu xiao bo@4主编 |
| 701 | 0 | @a东艳晖@9dong yan hui@4主编 |
| 801 | 0 | @aCN@b91MARC@c20171023 |
| 905 | @b1034611-5@dTU202-62@f5@e1208=2 | |
| 建筑设计常用规范速查手册/伍孝波,东艳晖主编.-第2版.-北京:化学工业出版社,2015.2(2017.2) |
| 226页;24cm |
| ISBN 978-7-122-22612-9:CNY39.80 |
| 本手册按照一般规定,场地,建筑防火,建筑防、排烟,建筑防、排水,建筑无障碍设计,建筑防雷,楼梯间和楼梯,电梯,卫生间,门窗,建筑节能和绿色建筑等建筑设计基本元素,对现行60余本建筑法规,建筑设计规范、规程的相关条文进行了分类整理和重新编排。 |
| ● |
| 相关链接 |
|
|
|
|
正题名:建筑设计常用规范速查手册
索取号:TU202-62/1208=2
 
预约/预借
| 序号 | 登录号 | 条形码 | 馆藏地/架位号 | 状态 | 备注 |
| 1 | 1034611 | 210346115 | 第二样本阅览室/ [索取号:TU202-62/1208=2] | 在馆 | |
| 2 | 1034612 | 210346124 | 密集书库-生命科学系/ [索取号:TU202-62/1208=2] | 在馆 | |
| 3 | 1034613 | 210346133 | 第三借阅区/ [索取号:TU202-62/1208=2] | 在馆 | |
| 4 | 1034614 | 210346142 | 第三借阅区/ [索取号:TU202-62/1208=2] | 在馆 | |
| 5 | 1034615 | 210346151 | 第三借阅区/ [索取号:TU202-62/1208=2] | 在馆 |